Olympic Codes #2 - Statistics

General Stats
  • This quiz has been taken 15 times
  • The average score is 18 of 20
Answer Stats
Code Country % Correct
ALG Algeria
100%
AUT Austria
100%
BAN Bangladesh
100%
CHN China
100%
HUN Hungary
100%
LUX Luxembourg
100%
MAW Malawi
100%
MEX Mexico
100%
NAM Namibia
100%
NZL New Zealand
100%
QAT Qatar
100%
SEY Seychelles
100%
TOG Togo
100%
UZB Uzbekistan
100%
BIZ Belize
87%
INA Indonesia
87%
PLW Palau
80%
ROU Romania
80%
DMA Dominica
67%
VIN Saint Vincent and the Grenadines
47%
No matching quizzes found
Score Distribution
Percent of People with Each Score
Percentile by Number Answered
Your Score History
You have not taken this quiz